Do and understand: 50 action stories for young learners

Guardat en:
Dades bibliogràfiques
Autors principals: Gerngross, Günther (Autor), Puchta, Herbert (Autor)
Format: Llibre
Idioma:anglès
Publicat: Viena Longman 1996
Col·lecció:Pearson education
Matèries:
Etiquetes: Afegir etiqueta
Sense etiquetes, Sigues el primer a etiquetar aquest registre!

MARC

LEADER 00000nam a2200000 a 4500
001 UCH6886
003 CL-VaPUC
008 091109e19960000AU |||||||||||||||||eng|d
020 |a 0582298962 
082 0 4 |a 428  |b GER  |2 21 
100 0 |a Gerngross, Günther  |e author  |9 543455 
700 0 |a Puchta, Herbert  |e author  |9 543456 
245 1 0 |a Do and understand: 50 action stories for young learners 
300 |a 125 p 
942 |c BK 
945 |d 20091109 00:00:00  |a ccalabra 
260 |a Viena  |b Longman  |c 1996 
650 0 |a Gramática inglesa  |9 392981 
650 0 |a Educación  |9 258661 
650 0 |a Lengua inglesa  |9 453712 
650 0 |a Ejercicios de lectura   |9 324248 
650 0 |a Ejercicios de escritura  |9 346986 
650 0 |a Comprensión de lectura  |9 307588 
650 0 |a Lingüística  |9 265068 
650 0 |a Aprendizaje de idiomas  |9 454840 
583 |a last modification  |c 20091109 00:00:00  |k Rodrigo Vera 
490 0 |a Pearson education 
999 |c 337691  |d 337689